000 00469nam a2200133Ia 4500
008 100328s9999 xx 000 0 und d
082 _b65277
100 _aकिणीकर रॉय.
245 _aइथे जगण्याची सक्ती आहे.
260 _bप्रतीक.
630 _aइथे जगण्याची सक्ती आहे.
730 _aइथे जगण्याची सक्ती आहे.
942 _cBOOK
999 _c551024
_d551021